| 000 | 00627nam a2200205 a 4500 | ||
|---|---|---|---|
| 005 | 20221019063516.0 | ||
| 008 | 060523s2004 mx r 000 0 spa d | ||
| 020 | _a9582007842 | ||
| 035 | _aUPN01000144612 | ||
| 049 | _aCG | ||
| 050 | 4 |
_aPC4143 _bB3.2 |
|
| 100 | 1 | _aBastidas Padilla, Carlos | |
| 245 | 1 | 0 |
_aDidáctica de la puntuación en castellano / _cCarlos Bastidas Padilla. |
| 260 |
_aBogotá : _bCooperativa Editorial Magisterio, _c2004. |
||
| 300 | _a135 p. | ||
| 440 | 0 | _aDidácticas | |
| 650 | 7 |
_aEspañol _xOrtografía _xEstudio y enseñanza _2 _917785 |
|
| 650 | 0 |
_aEspañol _xPuntuación _95613 |
|
| 905 | _aLibro | ||
| 999 |
_c116759 _d116759 |
||